00531nam a2200169Ia 4500003000900000008004100009020001800050040001600068080001300084100001800097245012300115260003400238300001700272650004100289650001900330650001200349IN-BaIIA211028s9999 xx 000 0 eng d a0-8053-8752-8 cIIA Library a533bICH aIchimaru, S., 0aBasic principles of plasma physicsba statistical approachcS. Ichimaru  aReadingbW. A. Benjaminc1973 axviii, 324p. aAstronomy and astrophysics thesaurus aPlasma physics aPlasmas